00752 a2200157 450000500170000002000180001710000160003524500490005125000110010026000260011194200130013799900150015095201430016595201430030895201430045120250628123431.0 a0-304-31265-7 aBUTTY, S. A axi, 270p.: ill, Graph, Figure, Picture Table a5th Ed aLondonbCassellc2007 2ddccBKS c6001d6001 r2025-06-28 12:38:44l0o380. 096 BUTpMBY000770v45000.00w2025-06-28yBKS102ddc407000a002b002cGENd2007-11-15ePurchaseg15000.00 r2025-06-28 12:41:07l0o380. 096 BUTpMBY000769v45000.00w2025-06-28yBKS102ddc407000a002b002cGENd2007-11-15ePurchaseg15000.00 r2025-06-28 12:42:31l0o380. 096 BUTpMBY000771v45000.00w2025-06-28yBKS102ddc407000a002b002cGENd2007-11-15ePurchaseg15000.00